| 000 | 00605nam a2200217 4500 | ||
|---|---|---|---|
| 001 | 121806 | ||
| 003 | ES-MaACL | ||
| 005 | 20230906191829.0 | ||
| 007 | t| | ||
| 008 | 070214s1955 sp r ||||1| spa d | ||
| 100 | 1 |
_aPlievier, Theodor. _992655 |
|
| 245 | 1 | 0 |
_aBerlín / _cTheodor Plievier ; traducción del alemán por Tristán La Rosa. |
| 250 | _a1ª ed. | ||
| 260 |
_aBarcelona : _bDestino, _c1955. |
||
| 300 |
_a498 p. ; _c21 cm. |
||
| 490 | 1 | _aUlises | |
| 700 | 1 |
_aLa Rosa, Tristán. _969179 |
|
| 830 | 0 |
_aUlises _9178667 |
|
| 852 |
_aES-MaACL _jC-10334 _bR.38667 |
||
| 999 |
_c121806 _d121806 |
||